000 00404nam a22001577a 4500
003 macl
005 20150602153521.0
008 150602b xxu||||| |||| 00| 0 eng d
040 _cmacl
082 _a910/CHA
100 _aChaudhuri,Late Sashi Bhusan
_9119
245 _aWest Bengal District Gazetteers BARDDHAMAN
260 _aCalkata
_bBikash Bhavan
_c2004
650 _aTraval
_9120
942 _2ddc
_cBK
999 _c49779
_d49779